| 000 | 02782cam a2200289 a 4500 | ||
|---|---|---|---|
| 001 | 123417 | ||
| 005 | 20230410130544.0 | ||
| 008 | 100219s2007 xx 000 0 eng | ||
| 010 | _a 2007004702 | ||
| 020 | _a9780465078103 (alk. paper) | ||
| 020 | _a0465078109 (alk. paper) | ||
| 040 |
_aDLC _cDLC _dDLC |
||
| 050 | 1 | 4 |
_aPN 1992.3 _bS571n 2007 |
| 082 | 0 | 0 | _a791.450793 |
| 100 | 1 |
_aSiegel, Lee, _d1957- |
|
| 245 | 1 | 0 |
_aNot remotely controlled : _bnotes on television / _cLee Siegel. |
| 260 |
_aNew York : _bBasic Books, _cc2007. |
||
| 300 |
_a353 p. _c21cm. |
||
| 505 | _aCOPS. Why cop shows are eternal -- The new Kojak -- CSI : New York -- Numb3rs -- Reno 911! -- Monk -- SITCOMS. Friends -- Joey -- My name is Earl -- Everybody hates Chris -- COMEDY. Jon Stewart -- Extras I -- Extras II -- Curb your enthusiasm -- Weeds -- The life and death of Peter Sellers -- CARTOONS. The Boondocks -- SpongeBob SquarePants -- RACE. Unforgivable blackness -- Lackawanna blues -- RELIGION. Joan of Arcadia -- Revelations -- DRAMA. Rescue me -- Deadwood -- Revenge of the middle-aged woman, Suburban madness, and Desperate housewives -- Huff -- The O.C. -- Lost -- Invasion -- Alias -- WAR. The Hamburg cell and Dirty war -- The unit -- Over there -- DOCUMENTARY AND "SPECIAL REPORTS." Ghosts of Rwanda -- The children of Lenigradsky -- Transgeneration -- The staircase -- The History Channel's Crusades -- UFOs -- NEWS. Morning news shows -- Tom Brokaw -- Pope John Paul II -- REALITY TELEVISION. Reality in America -- Family bonds -- Growing up Gotti -- Supernanny -- Thirty days -- The apprentice -- GAMES. Deal or no deal -- Iron chef America -- Stump the Schwab -- The winter Olympics -- POLITICS. Tanner on Tanner -- Jack and Bobby -- PERSONALITIES. Greta Garbo -- Lauren Bacall -- Steve McQueen -- Elvis Presley -- Charles Manson -- Johnny Carson -- Inside the actors studio -- Oprah Winfrey. | ||
| 520 | _aWhether chronicling the history of the "cop" drama, revealing the inherent irony in Donald Trump's character on The Apprentice, or shedding light on those unheralded gems that commercial pressures swept away prematurely, Siegel gives each episode, series, or documentary the attention and respect usually reserved for high art. Going far beyond mere pans and praise, Siegel has given long overdue attention to America's most pervasive art form: television. -- BOOK JACKET | ||
| 650 | 0 |
_aTelevision programs _zUnited States. |
|
| 650 | 0 |
_aTelevision broadcasting _zUnied States. |
|
| 650 | 4 |
_aProgramas de televisión _zEstados Unidos. |
|
| 650 | 4 |
_aProgramas de televisión _zEstados Unidos _xHistoria y crítica. |
|
| 650 | 4 |
_aSeries de televisión _zEstados Unidos _xHistoria y crítica. |
|
| 942 |
_2lcc _cbk |
||
| 999 |
_c76049 _d76049 |
||